000
00306nam a2200109Ia 4500
008
240624s9999 xx 000 0 und d
041
_a
eng
082
_a
309 ICF
100
_a
ICFP
245
_a
RETIREMENT PLANNING AND EMPLOYEE BENEFIT
260
_c
2009
_a
Benefits
_b
International College of Financial Planning
999
_c
15184
_d
15184